HOMOEOPATHY IN THE TREATMENT OF GONORTHEA SYPHILIS (Record no. 20478)

MARC details
000 -LEADER
fixed length control field 00311nam a22001337a 4500
003 - CONTROL NUMBER IDENTIFIER
control field SGT
082 ## - DEWEY DECIMAL CLASSIFICATION NUMBER
Classification number 616.024
Item number H01B
100 ## - MAIN ENTRY--PERSONAL NAME
Personal name BANERJEE,N.K.
245 ## - TITLE STATEMENT
Title HOMOEOPATHY IN THE TREATMENT OF GONORTHEA SYPHILIS
260 ## - PUBLICATION, DISTRIBUTION, ETC. (IMPRINT)
Place of publication, distribution, etc INDIA
Name of publisher, distributor, etc B.JAIN PUB
Year of Publication 2001
300 ## - PAGE DESCRIPTION
No. of Pages 240
650 ## - SUBJECT ADDED ENTRY--TOPICAL TERM
Topical term or geographic name as entry element HOMOEOPATHIC
942 ## - ADDED ENTRY ELEMENTS (KOHA)
Source of classification or shelving scheme Dewey Decimal Classification
Koha item type Books
Holdings
Withdrawn status Lost status Source of classification or shelving scheme Damaged status Not for loan Home library Current library Shelving location Date acquired Vendor Name Cost, normal purchase price SGTU Bill Number Total Checkouts Full call number Accession No. (Barcode) Date last seen Bill Date Koha item type
    Dewey Decimal Classification     Homeopathy Library Homeopathy Library Text Book 13/08/2020 B.JAIN PUB 60.00 SGTU 147010   616.024 H01B FH2000 13/08/2020 02/09/2016 Books
    Dewey Decimal Classification     Homeopathy Library Homeopathy Library Text Book 13/08/2020 B.JAIN PUB 60.00 SGTU 147010   616.024 H01B FH2001 13/08/2020 02/09/2016 Books
    Dewey Decimal Classification     Homeopathy Library Homeopathy Library Text Book 13/08/2020 B.JAIN PUB 60.00 SGTU 147010   616.024 H01B FH2002 13/08/2020 02/09/2016 Books
    Dewey Decimal Classification     Homeopathy Library Homeopathy Library Text Book 13/08/2020 B.JAIN PUB 60.00 SGTU 147010   616.024 H01B FH2003 13/08/2020 02/09/2016 Books
    Dewey Decimal Classification     Homeopathy Library Homeopathy Library Text Book 13/08/2020 B.JAIN PUB 60.00 SGTU 147010   616.024 H01B FH2004 13/08/2020 02/09/2016 Books
    Dewey Decimal Classification     Homeopathy Library Homeopathy Library Text Book 13/08/2020 B.JAIN PUB 60.00 SGTU 147010   616.024 H01B FH2005 13/08/2020 02/09/2016 Books
    Dewey Decimal Classification     Homeopathy Library Homeopathy Library Text Book 13/08/2020 B.JAIN PUB 60.00 SGTU 147010   616.024 H01B FH2006 13/08/2020 02/09/2016 Books
    Dewey Decimal Classification     Homeopathy Library Homeopathy Library Text Book 13/08/2020 B.JAIN PUB 60.00 SGTU 147010   616.024 H01B FH2007 13/08/2020 02/09/2016 Books